5 majeur all-time de chaque franchises NBA - Statistiques

Statistiques générales
  • Ce quiz a été pris 10 070 fois
  • Le résultat moyen est 65 sur 150
Statistiques - réponses
Equipe Poste Joueur % Correct
AI LeBron James
95%
A Michael Jordan
94%
Warriors MJ Stephen Curry
89%
A Dell Curry
87%
AI Kevin Durant
87%
A Kobe Bryant
86%
AI Scottie Pippen
86%
A James Harden
84%
Spurs MJ Tony Parker
84%
A Allen Iverson
83%
P Kareem Abdul-Jabbar
83%
P Jermaine O'Neal
82%
AI Larry Bird
82%
AF Tim Duncan
82%
Cavaliers MJ Kyrie Irving
81%
A Dwyane Wade
79%
AF Giannis Antetokounmpo
79%
A Klay Thompson
79%
Lakers MJ Magic Johnson
79%
Thunder/SuperSonics MJ Russell Westbrook
79%
A David Thompson
77%
AF Dennis Rodman
77%
AI Kawhi Leonard
77%
P Wilt Chamberlain
77%
Clippers | Pelicans MJ Chris Paul
76%
P Nikola Jokic
74%
Bulls MJ Derrick Rose
72%
AF Dirk Nowitzki
72%
AF Karl Malone
71%
AF Draymond Green
70%
Trail Blazers MJ Damian Lillard
69%
A Joe Johnson
69%
AF Kevin Garnett
69%
AF Larry Johnson
69%
A Manu Ginobili
69%
P Bill Russell
68%
AI Marques Johnson
68%
AF Chris Bosh
65%
P David Robinson
65%
P Hakeem Olajuwon
65%
P Marc Gasol
65%
AF Pau Gasol
65%
Pistons MJ Isiah Thomas
64%
Suns MJ Steve Nash
64%
AF Anthony Davis
63%
Jazz MJ John Stockton
63%
A Walter Davis
62%
AI Carmelo Anthony
61%
AF Kevin Love
60%
AF Blake Griffin
59%
Mavericks | Nets MJ Jason Kidd
59%
Wizards/Bullets MJ John Wall
59%
P Patrick Ewing
59%
AI Paul George
58%
A Tony Allen
57%
AI Julius Erving
56%
AF Charles Barkley
55%
Bucks | Kings/Royals MJ Oscar Robertson
55%
P Rudy Gobert
55%
P Dwight Howard
51%
A Reggie Miller
51%
A Bradley Beal
49%
Raptors MJ Kyle Lowry
49%
A Demar DeRozan
47%
Magic MJ Penny Hardaway
46%
Heat MJ Tim Hardaway
45%
A Tracy McGrady
45%
P Ben Wallace
42%
Celtics MJ Bob Cousy
42%
A Clyde Drexler
41%
AI Gerald Wallace
41%
AF Rasheed Wallace
41%
AF Bob Pettit
39%
P Karl-Anthony Towns
38%
AI Dominique Wilkins
37%
Grizzlies MJ Mike Conley
36%
P Alonzo Mourning
33%
P DeMarcus Cousins
32%
Hornets/Bobcats MJ Kemba Walker
32%
P Neal Walk
32%
AF Shawn Kemp
31%
P Dikembe Mutombo
30%
AF Zach Randolph
30%
P Brook Lopez
29%
AF Kevin McHale
29%
AI Elgin Baylor
28%
A Randy Smith
28%
P Bill Walton
26%
AI George Gervin
26%
A Joe Dumars
26%
P Bob McAdoo
25%
AF Chris Webber
24%
Knicks MJ Walt Frazier
23%
P Wes Unseld
22%
P Artis Gilmore
21%
A Jrue Holiday
21%
AI Rick Barry
21%
AI Alex English
19%
AI Grant Hill
18%
A Pete Maravich
17%
AF Elvin Hayes
16%
A Sam Jones
16%
AF Aaron Gordon
15%
AI Peja Stojakovic
13%
AI Shawn Marion
12%
A Sidney Moncrief
12%
A Fred Brown
11%
Pacers MJ Mark Jackson
11%
Timberwolves MJ Ricky Rubio
11%
P Jonas Valanciunas
10%
AI Adrian Dantley
9%
76ers MJ Maurice Cheeks
9%
P Brad Daugherty
8%
AF Charles Oakley
8%
A Earl Monroe
8%
A Mitch Richmond
8%
AI Mark Aguirre
7%
A Drazen Petrovic
6%
AI Hedo Turkoglu
6%
Hawks MJ Lenny Wilkens
5%
AF Dave DeBusschere
4%
Nuggets MJ Fat Lever
4%
A Rolando Blackman
4%
Rockets MJ Calvin Murphy
3%
AF Dan Issel
3%
P Jack Sikma
3%
AI Shareef Abdur-Rahim
3%
P Shawn Bradley
3%
A Austin Carr
2%
AF Derrick Coleman
2%
AF Otis Thorpe
2%
AI Bob Dandridge
1%
AI Corey Maggette
1%
AF George McGinnis
1%
A Isaiah Rider
1%
AI Jerome Kersey
1%
AI Rudy Tomjanovich
1%
AI Wally Szczerbiak
1%
Aucun quiz correspondant
Distribution des résultats
% des personnes avec chaque résultat
Percentile par nombre de réponses
Votre historique - résultats
Vous n’avez pas pris ce quiz